EA FC24 Bundesliga TOTS - Statistics

General Stats
  • This quiz has been taken 63 times
    62 since last reset
  • The average score is 21 of 28
Answer Stats
Club Position Rating Answer % Correct
Bayern Munich ST 97 Harry Kane
98%
Bayer Leverkusen CAM 96 Florian Wirtz
94%
Borussia Dortmund GK 94 Gregor Kobel
94%
Bayern Munich CAM 95 Jamal Musiala
94%
Bayer Leverkusen RWB 97 Jeremie Frimpong
91%
Bayer Leverkusen LWB 95 Alejandro Grimaldo
89%
Bayer Leverkusen CB 94 Jonathan Tah
87%
Borussia Dortmund CB 93 Nico Schlotterbeck
85%
Bayer Leverkusen ST 93 Victor Boniface
83%
Bayern Munich* LB* 94* Alphonso Davies
80%
Bayer Leverkusen CDM 92 Granit Xhaka
80%
Borussia Dortmund* CAM* 95* Marco Reus
80%
RB Leipzig CAM 93 Xavi Simons
80%
Stuttgart ST 92 Serhou Guirassy
78%
RB Leipzig ST 93 Lois Openda
76%
Borussia Dortmund* LW* 94* Jadon Sancho
74%
Borussia Dortmund* LM* 90* Karim Adeyemi
74%
Bayern Munich* LM* 93* Kingsley Coman
70%
Bayern Munich* CB* 94* Dayot Upamecano
69%
Borussia Dortmund RM 91 Donyell Malen
65%
Bayern Munich* CM* 95* Leon Goretzka
65%
Stuttgart CB 90 Waldemar Anton
65%
Bayer Leverkusen* CB* 91* Edmond Tapsoba
63%
Bayer Leverkusen CM 92 Exequiel Palacios
63%
Borussia Dortmund* ST* 93* Niclas Fullkrug
61%
Stuttgart CF 93 Deniz Undav
56%
Heidenheim LM 90 Jan-Niklas Beste
44%
RB Leipzig CB 90 Mohamed Simakan
35%
No matching quizzes found
Score Distribution
Percent of People with Each Score
Percentile by Number Answered
Your Score History
You have not taken this quiz since the last reset